000 00347nam a2200133 a 4500
005 20140414132051.0
008 110712s19uu xx 00 eng d
050 _aREF 031
_bCHI V.9
245 _aChildcraft: Holidays and Birthdays.
260 _aChicago :
_bWorld Book, Inc.,
_c1987.
440 _aChildcraft
650 _aEarth
999 _c114173
_d114173